000 01471 a2200217 4500
001 10498
005 20260407155438.0
008 260407a2011 arg spa d
003 AR-UNSa-BCEJYS
040 _aAR-UNSa-BCEJYS
_bspa
_cAR-UNSa-BCEJYS
080 _a342.9
_xDerecho Administrativo
245 1 0 _aManual de derecho administrativo
020 _a978-987-03-2028-9
264 1 _aBuenos Aires :
_bLa Ley
_c2011
300 _axxi, 574 p.
_c24 cm.
505 _a1. Las bases del derecho administrativo - 2. El marco constitucional del derecho administrativo - 3. El concepto de derecho administrativo - 4. Los caracteres del derecho administrativo - 5. Las fuentes del derecho administrativo - 6. El ejercicio discrecional o reglado de las funciones administrativas - 7. La organización administrativa - 8. El control de la administración pública - 9. Los bienes del dominio estatal - 10. Las actividades de intervención - 11. El servicio público - 12. La actividad del fomento - 13. El acto administrativo y el reglamento - 14. Los contratos administrativos - 15. La responsabilidad del estado - 16. Las situaciones jurídicas subjetivas - 17. El procedimiento adminsitrativo - 18. El proceso acontencioso administrativo
942 _cBK
590 _aniveau_biblio:m niveau_hierar:0
100 1 _aBalbín, Carlos Francisco
856 4 1 _uhttps://biblioeco.unsa.edu.ar/pmb/images/libros/Manual de derecho administrativo-l118759.jpg
_yImagen de portada
_qimage/jpeg
999 _c464
_d464